000 01045nas a2200253 4500
001 BR8500388
003 BR-BrBNA
005 20231205090105.0
007 ta
008 230509b bl.|||p| |||| 00| 00por d
040 _aBR-BrBNA
_bpor
_cBiblioteca Nacional de Agricultura
041 _a(Pt)
072 _aH10
100 1 _aHabib, M.E.M.
100 1 _aAndrade, C.F.S. de
245 1 _aPatogenicidade de Bacillus thuringiensis var. Kurstaki (H: 3a-3b)para o curuquere do algodao, Alabama argillacea (Hubner, 1818)(Lepidoptera, Noctuidae)[Gossypium hirsutum, controle biologico]
246 1 _aPathogenicity of Bacillus thuringiensis var. Kurstaki (H: 3a-3b)to the cotton leafworm, Alabama argillacea (Hubner, 1818)(Lepidoptera, Noctuidae)[Gossypium hirsutum, biological control]
650 _aALGODAO
650 _aCURUQUERE
650 _aCONTROLE BIOLOGICO
773 0 _tRevista de Agricultura (Brazil)
_xISSN 0034-7655
_g(Dec 1984), v. 59(3) p. 263-282
_wBR8500388
909 _a202311
_bLúcia
_c55
_dLúcia Elande
942 _2AGRIS
_n0
_cANA
999 _c116090
_d116090